Statistics for Top Barcelona Goalscorers

Click here to take the quiz!

General Stats

  • This quiz has been taken 52 times
  • The average score is 3 of 10

Answer Stats

No. of goalsPlayer% Correct
672Lionel Messi
100%
198Luis Suarez
95%
130Samuel Eto'o
68%
130Rivaldo
36%
194Lazlo Kubala
14%
232Cesar Rodriguez
11%
143Paulino Alcantara
9%
167Josep Escola
2%
184Josep Samitier
2%
128Mariano Martin
2%

Score Distribution

Percentile by Number Answered

Percent of People with Each Score

Your Score History

You have not taken this quiz